Statistics for Michael Moore Filmography

Click here to take the quiz!

General Stats

  • This quiz has been taken 8 times
    (4 since last reset)
  • The average score is 7 of 25

Answer Stats

TypeYearName% Correct
Documentary Directed2002Bowling for Columbine
75%
Documentary Directed2004Fahrenheit 9/11
75%
Documentary Directed2009Capitalism: A Love Story
50%
Documentary Directed2018Fahrenheit 11/9
50%
Documentary Directed1989Roger & Me
50%
Documentary Directed2007Sicko
50%
TV Show Acting Role2016BrainDead
25%
Film Cameo1995Canadian Bacon
25%
Film Directed1995Canadian Bacon
25%
TV Show Acting Role1999EDtv
25%
Film Cameo2000Lucky Numbers
25%
Documentary Directed2016Michael Moore in TrumpLand
25%
Documentary Directed1992Pets or Meat: The Return to Flint
25%
Documentary Directed2008Slacker Uprising
25%
TV Show Directed1999The Awful Truth
25%
Documentary Directed1997The Big One
25%
Film Cameo2004The Fever
25%
TV Show Directed1994TV Nation
25%
Documentary Directed2015Where to Invade Next
25%
Documentary Directed1995Dika: Murder City
0%
TV Mini-Series Directed1999Michael Moore Live
0%
Podcast2019-PresentRUMBLE with Michael Moore
0%
Documentary Appearance2003The Corporation
0%
Documentary Appearance2001The Party's Over
0%
TV Show Acting Role2003The Simpsons
0%

Score Distribution

Percentile by Number Answered

Percent of People with Each Score

Your Score History

You have not taken this quiz since the last reset